[Event "Pardubice rapid op 33rd"]
[Site "Pardubice"]
[Date "2022.07.21"]
[Round "7"]
[White "Jonsson, Gauti Pall"]
[Black "Brozka, Karel1111"]
[Result "0-1"]
[WhiteElo "2071"]
[BlackElo "1699"]
[PlyCount "126"]
[EventDate "2022.07.20"]
[EventType "swiss (rapid)"]
[EventRounds "9"]
[EventCountry "CZE"]
[SourceTitle "CBM 209 Extra"]
[Source "ChessBase"]
[SourceDate "2022.09.30"]
[SourceVersion "1"]
[SourceVersionDate "2022.09.30"]
[SourceQuality "1"]

1. e4 c6 2. Nc3 d5 3. Nf3 dxe4 4. Nxe4 Nf6 5. Qe2 Nxe4 6. Qxe4 Nd7 7. Bc4 Nf6 8. Ne5 e6 9. Qe2 Bd6 10. 0-0 0-0 11. d4 Qc7 12. Bg5 Nd7 13. Nxf7 Rxf7 14. Bxe6 Bxh2+ 15. Kh1 Bd6 16. Bxf7+ Kxf7 17. Rae1 Nf6 18. Bxf6 Kxf6 19. Qf3+ Kg6 20. g4 Bd7 21. Qe4+ Kf7 22. Qxh7 Qa5 23. f3 Qd5 24. Re4 Re8 25. c4 Qg5 26. Kg2 Qd2+ 27. Rf2 Qg5 28. Rxe8 Bxe8 29. Re2 Bd7 30. c5 Bc7 31. Kf2 Qf4 32. Qe4 Qg3+ 33. Kf1 Qh3+ 34. Ke1 Qh4+ 35. Kd1 Qf6 36. b3 Be6 37. Kc2 Bf4 38. Kc3 Bc7 39. Re1 Ba5+ 40. b4 Bc7 41. g5 Qf5 42. g6+ Kf6 43. Qh4+ Kxg6 44. Rg1+ Kf7 45. Qf2 Bd5 46. Qe3 Bf4 47. Qe2 Bxf3 48. Qf2 Bd5 49. Rf1 Qh3+ 50. Kb2 g5 51. Qe2 Qh8 52. Kc3 Qh3+ 53. Kb2 Qg2 54. Rf2 Qe4 55. Qh5+ Kg7 56. Qd1 Be3 57. Re2 Qxd4+ 58. Qxd4+ Bxd4+ 59. Kc2 g4 60. Kd3 Bf6 61. Ke3 g3 62. Kf4 g2 63. Re1 Bd4 0-1

[Event "Pardubice rapid op 33rd"]
[Site "Pardubice"]
[Date "2022.07.21"]
[Round "5"]
[White "Jonsson, Gauti Pall"]
[Black "Savitha Shri, B."]
[Result "1-0"]
[WhiteElo "2071"]
[BlackElo "2278"]
[PlyCount "69"]
[EventDate "2022.07.20"]
[EventType "swiss (rapid)"]
[EventRounds "9"]
[EventCountry "CZE"]
[SourceTitle "CBM 209 Extra"]
[Source "ChessBase"]
[SourceDate "2022.09.30"]
[SourceVersion "1"]
[SourceVersionDate "2022.09.30"]
[SourceQuality "1"]

1. e4 c5 2. Be2 Nc6 3. f4 e5 4. d3 Qc7 5. Nc3 Nf6 6. Nf3 exf4 7. 0-0 a6 8. Nd5 Nxd5 9. exd5 Ne7 10. c4 Ng6 11. b4 cxb4 12. Bb2 Bc5+ 13. d4 Be7 14. d6 Bxd6 15. c5 Be7 16. Bc4 0-0 17. Qb3 d6 18. Bd5 dxc5 19. Rac1 Bg4 20. Ne5 Rad8 21. Bxf7+ Kh8 22. Bxg6 hxg6 23. Nxg4 Rf5 24. Ne5 Kh7 25. Rf3 Rh5 26. Qf7 Qd6 27. Nc4 Qf6 28. Rxf4 Qg5 29. d5 Rg8 30. Re1 Bd8 31. Re8 Qxf4 32. Qxg8+ Kh6 33. Qxg7+ Kg5 34. Re5+ Kg4 35. Ne3+ 1-0

[Event "Helsingor Kronborg Master-3"]
[Site "Helsingor"]
[Date "2022.05.26"]
[Round "4"]
[White "Perrenet, Jacob"]
[Black "Jonsson, Gauti Pall"]
[Result "1/2-1/2"]
[WhiteElo "2072"]
[BlackElo "2065"]
[PlyCount "71"]
[EventDate "2022.05.26"]
[EventType "tourn"]
[EventRounds "7"]
[EventCountry "DEN"]
[SourceTitle "CBM 208 Extra"]
[Source "ChessBase"]
[SourceDate "2022.07.31"]
[SourceVersion "1"]
[SourceVersionDate "2022.07.31"]
[SourceQuality "1"]

1. Nc3 e6 2. Nf3 d5 3. d4 Nf6 4. Bg5 Be7 5. Bxf6 Bxf6 6. e4 dxe4 7. Nxe4 b6 8. Bb5+ Bd7 9. Bd3 Bc6 10. c3 Nd7 11. Qc2 g6 12. 0-0-0 Qe7 13. Rhe1 0-0 14. h4 Bxh4 15. Rh1 Bxe4 16. Bxe4 Bg5+ 17. Kb1 Rad8 18. Rh3 f5 19. Bd3 Bf4 20. Bc4 Rfe8 21. Re1 Qf6 22. Qb3 Nf8 23. Rhh1 Kg7 24. Re2 Bd6 25. Rhe1 Re7 26. Bxe6 Rde8 27. d5 c6 28. Nd4 cxd5 29. Bxd5 Rxe2 30. Rxe2 Rxe2 31. Nxe2 Qe5 32. Qd1 Bc5 33. f4 Qe3 34. b4 Be7 35. Qd4+ Qxd4 36. Nxd4 1/2-1/2

[Event "Kragero op"]
[Site "Kragero"]
[Date "2022.02.27"]
[Round "9"]
[White "Jonsson, Gauti Pall"]
[Black "Skotheim, Andreas"]
[Result "1/2-1/2"]
[WhiteElo "2048"]
[BlackElo "2181"]
[PlyCount "119"]
[EventDate "2022.02.23"]
[EventType "swiss"]
[EventRounds "9"]
[EventCountry "NOR"]
[SourceTitle "CBM 207 Extra"]
[Source "ChessBase"]
[SourceDate "2022.05.31"]
[SourceVersion "1"]
[SourceVersionDate "2022.05.31"]
[SourceQuality "1"]

1. Nf3 Nf6 2. g3 d5 3. Bg2 c5 4. 0-0 h6 5. b3 Nc6 6. d4 cxd4 7. Nxd4 e5 8. Nxc6 bxc6 9. c4 Be6 10. Bb2 Qd6 11. cxd5 cxd5 12. Nd2 Rd8 13. Nf3 d4 14. Rc1 Be7 15. Nd2 Bd5 16. Nc4 Qe6 17. Bxd5 Qxd5 18. e3 0-0 19. exd4 exd4 20. Re1 Rfe8 21. Re5 Qd7 22. Qd3 Ng4 23. Re2 Bf6 24. Rce1 Rxe2 25. Rxe2 Qd5 26. f4 h5 27. Ba3 g6 28. Be7 Bxe7 29. Rxe7 Qc5 30. Re2 Kg7 31. h3 Nf6 32. a3 Nd7 33. Re4 Nb6 34. Re5 Qc6 35. Re2 Nxc4 36. bxc4 Qd6 37. Re5 Qb6 38. f5 Qf6 39. Rb5 Re8 40. Rd5 Re3 41. Qxd4 Rxg3+ 42. Kh2 Qxd4 43. Rxd4 Rxa3 44. fxg6 Kxg6 45. c5 Ra6 46. Rc4 Rc6 47. Ra4 Rc7 48. Kg3 Kf5 49. Kh4 f6 50. Ra5 Ke4 51. Kxh5 f5 52. Kg5 f4 53. Ra4+ Ke3 54. Rxf4 Rxc5+ 55. Kg4 a5 56. h4 Rb5 57. Rf3+ Ke4 58. Rf4+ Ke3 59. Rf3+ Ke4 60. Rf4+ 1/2-1/2

[Event "Reykjavik Blitz op"]
[Site "Reykjavik"]
[Date "2022.01.29"]
[Round "9"]
[White "Jonsson, Gauti Pall"]
[Black "Kjartansson, Gudmundur"]
[Result "0-1"]
[WhiteElo "2048"]
[BlackElo "2450"]
[PlyCount "78"]
[EventDate "2022.01.29"]
[EventType "swiss (blitz)"]
[EventRounds "11"]
[EventCountry "ISL"]
[SourceTitle "CBM 206 Extra"]
[Source "ChessBase"]
[SourceDate "2022.03.31"]
[SourceVersion "1"]
[SourceVersionDate "2022.03.31"]
[SourceQuality "1"]

1. e4 c6 2. Nc3 d5 3. Nf3 Bg4 4. h3 Bxf3 5. Qxf3 e6 6. Be2 Nf6 7. e5 Nfd7 8. Qg3 c5 9. f4 Nc6 10. 0-0 g6 11. d3 Nd4 12. Bd1 h5 13. Bd2 Be7 14. Ne2 Nf5 15. Qf3 g5 16. Ng3 Nd4 17. Qf2 g4 18. c3 Nf5 19. Nxf5 exf5 20. Qe2 Qb6 21. Ba4 0-0-0 22. Rae1 Nf8 23. Kh1 Ne6 24. d4 cxd4 25. Rc1 Kb8 26. c4 d3 27. Qd1 dxc4 28. Rxc4 Rc8 29. Rxc8+ Rxc8 30. Re1 Qxb2 31. Bb3 Qd4 32. Be3 Qd7 33. Qd2 Bc5 34. Rd1 Bxe3 35. Qxe3 Rd8 36. Bc4 d2 37. Qb3 Nc5 38. Qb4 Ne4 39. Kh2 g3+ 0-1

[Event "Reykjavik Blitz op"]
[Site "Reykjavik"]
[Date "2022.01.29"]
[Round "3"]
[White "Stefansson, Hannes"]
[Black "Jonsson, Gauti Pall"]
[Result "1-0"]
[WhiteElo "2518"]
[BlackElo "2048"]
[PlyCount "87"]
[EventDate "2022.01.29"]
[EventType "swiss (blitz)"]
[EventRounds "11"]
[EventCountry "ISL"]
[SourceTitle "CBM 206 Extra"]
[Source "ChessBase"]
[SourceDate "2022.03.31"]
[SourceVersion "1"]
[SourceVersionDate "2022.03.31"]
[SourceQuality "1"]

1. e4 c5 2. Nf3 Nc6 3. Bb5 g6 4. Bxc6 dxc6 5. d3 Bg7 6. Nc3 e5 7. h3 Ne7 8. Be3 b6 9. Qd2 0-0 10. Bh6 f6 11. 0-0-0 Be6 12. Kb1 a5 13. g4 a4 14. Bxg7 Kxg7 15. g5 Qd6 16. Qe3 b5 17. Ne2 b4 18. gxf6+ Rxf6 19. Nd2 b3 20. cxb3 axb3 21. axb3 Rff8 22. Nc4 Bxc4 23. dxc4 Qb8 24. Qxc5 Rf7 25. Nc1 Ng8 26. Rd6 Nf6 27. Qxe5 Ra5 28. Qd4 c5 29. Qe5 Ra6 30. Rhd1 h5 31. f4 Rxd6 32. Rxd6 Qb4 33. f5 gxf5 34. Qxf5 Qe1 35. Qg5+ Kf8 36. Re6 Ng8 37. Qxc5+ Kg7 38. Qg5+ Kf8 39. Qc5+ Kg7 40. Qe5+ Nf6 41. c5 Qf2 42. c6 Qa7 43. Qg5+ Kf8 44. Rxf6 1-0